| 000 | 01241nam1a2200313 4500 | ||
|---|---|---|---|
| 001 | RU\NLR\ONL1\10710 | ||
| 005 | 20250807185150.0 | ||
| 035 | _a(NLR Aleph) 009639458 | ||
| 090 |
_a1192 _c1192 |
||
| 100 | _a20070122d1941 c y0rusy50 ca | ||
| 101 | 0 | _audm | |
| 102 | _aRU | ||
| 105 | _ay ||||||||| | ||
| 200 | 1 |
_aАрифметикалы дышетскон задачаос но упражнениос _eнач. шк. _fН. С. Попова |
|
| 210 |
_aИжевск _cУдмуртгосиздат _d1941 |
||
| 215 | _d23 | ||
| 541 | 1 |
_aСборник арифметических задач и упражнений _eдля нач. шк. _zrus |
|
| 606 | 0 |
_9Учебные издания для средней школы _aАрифметика _2nlr-sh2 _2nlr-sh1 _3RU\NLR\auth\6664428 |
|
| 689 | 1 | _aВ10 я71 | |
| 700 | 1 |
_aПопова _bН. С. _cпедагог-математик _f1885-1975 _gНаталья Сергеевна _3RU\NLR\AUTH\770198576 _4070 |
|
| 801 | 0 |
_aRU _bNLR _c20070122 _gPSBO |
|
| 852 |
_aNLR _jУдмур./3-356 |
||
| 852 |
_aNLR _bОНЛ |
||
| 942 | _cBOOK | ||
| 945 | _aРоссийская национальная библиотека | ||
| 980 | _aNB | ||
| 980 | _aBV | ||